Double cross

Guardat en:
Dades bibliogràfiques
Autor principal: Prowse, Phillip
Format: Llibre
Idioma:Undetermined
Publicat: Cambridge Cambridge University Press 1999
Matèries:
Etiquetes: Afegir etiqueta
Sense etiquetes, Sigues el primer a etiquetar aquest registre!
Thư viện lưu trữ: Trung tâm Học liệu Trường Đại học Cần Thơ
LEADER 00535nam a2200193Ia 4500
001 CTU_120848
008 210402s9999 xx 000 0 und d
082 |a 428.24 
082 |b P969/Cas.1 
100 |a Prowse, Phillip 
245 0 |a Double cross 
245 0 |c Phillip Prowse 
260 |a Cambridge 
260 |b Cambridge University Press 
260 |c 1999 
650 |a English language,English language 
650 |x Study and teaching,Listening 
904 |i M.Loan 
980 |a Trung tâm Học liệu Trường Đại học Cần Thơ